[Event "FRA-ch U08"]
[Site "Le Grand Bornand"]
[Date "2007.04.??"]
[Round "5"]
[White "Genzling, Jerome"]
[Black "Hermez, Mohamed"]
[Result "1-0"]
[WhiteElo "1470"]
[BlackElo "1370"]
[PlyCount "41"]
[EventDate "2007.04.07"]
[EventType "swiss"]
[EventRounds "9"]
[EventCountry "FRA"]
[SourceTitle "CBM 118 Extra"]
[Source "ChessBase"]
[SourceDate "2007.07.04"]
[SourceVersion "1"]
[SourceVersionDate "2007.07.04"]
[SourceQuality "1"]

1. e4 e6 2. d4 d5 3. e5 Nc6 4. Nf3 Bd7 5. Be2 f6 6. 0-0 Be7 7. c4 dxc4 8. Bxc4 Bb4 9. a3 Be7 10. Re1 f5 11. Nc3 h6 12. Bd2 Bg5 13. Nxg5 hxg5 14. Qc1 f4 15. Qc2 Rh6 16. d5 Nce7 17. Rad1 exd5 18. Nxd5 Nxd5 19. Bxd5 Bc6 20. Bxc6+ bxc6 21. Qxc6+ 1-0